000 00686nam a2200169 a 4500
008 120416s1977 ||||||||||||||||| || u
050 _aHC 850 Int
110 _aInternational Labour Organization
245 1 0 _aEconomic transformation in a socialist framework
246 _aan employment and basic needs oriented development strategy for Somalia
260 _aAddis Ababa
_bInternational Labour Office
_c1977
300 _aix, 403p.: ill.
350 _a0.00
650 0 _aECONOMICS
650 _aECONOMIC DEVELOPMENT--SOMALIA
995 _D0.00
_FCBU-MAIN LIBRARY (Kitwe)
_H1
_I0.00
_M1
_UAVAILABLE
_ZAnnex Low-Usage Collection
999 _c40938
_d40938